000 00430nam a2200181Ia 4500
001 12764
005 20260306163005.0
008 260306t2014||||xx |||||||||||||| ||spa||
041 _aESP
082 _aRD 200.3
_bI99
100 _aIzquierdo, César
_eAUT
245 0 _aDiccionario de teología
260 _c2014
300 _axxvii, 1083 páginas :
_c24 cm.
650 _aGEN
654 _aCHU
942 _cDIC
_dJUS
_fJUS
_2ddc
_n
999 _c12764
_d12764